Mathematics for engineers / (Record no. 188412)
[ view plain ]
| 000 -LEADER | |
|---|---|
| fixed length control field | 01021 a2200253 4500 |
| 003 - CONTROL NUMBER IDENTIFIER | |
| control field | Nust |
| 005 - DATE AND TIME OF LATEST TRANSACTION | |
| control field | 20220816152715.0 |
| 010 ## - LIBRARY OF CONGRESS CONTROL NUMBER | |
| LC control number | 2008030348 |
| 020 ## - INTERNATIONAL STANDARD BOOK NUMBER | |
| International Standard Book Number | 1848210558 (alk. paper) |
| 020 ## - INTERNATIONAL STANDARD BOOK NUMBER | |
| International Standard Book Number | 9781848210554 (alk. paper) |
| 035 ## - SYSTEM CONTROL NUMBER | |
| System control number | (OCoLC)230183428 |
| 035 ## - SYSTEM CONTROL NUMBER | |
| System control number | (OCoLC)ocn230183428 |
| 040 ## - CATALOGING SOURCE | |
| Transcribing agency | Nust |
| 082 00 - DEWEY DECIMAL CLASSIFICATION NUMBER | |
| Classification number | 621.3820151,FIC |
| 100 1# - MAIN ENTRY--PERSONAL NAME | |
| Personal name | Fiche, Georges. |
| 9 (RLIN) | 97500 |
| 245 10 - TITLE STATEMENT | |
| Title | Mathematics for engineers / |
| Statement of responsibility, etc. | Georges Fiche and Guard Houterne. |
| 260 ## - PUBLICATION, DISTRIBUTION, ETC. | |
| Place of publication, distribution, etc. | London : |
| Name of publisher, distributor, etc. | ISTE ; |
| Place of publication, distribution, etc. | Hoboken, NJ : |
| Name of publisher, distributor, etc. | Wiley, |
| Date of publication, distribution, etc. | 2008. |
| 300 ## - PHYSICAL DESCRIPTION | |
| Extent | 435 p. : |
| Other physical details | ill. ; |
| Dimensions | 25 cm. |
| 505 ## - FORMATTED CONTENTS NOTE | |
| Formatted contents note | Probability Theory (Page-19), Probability Laws (Page-58), Statistics (Page-87), Signal Theory (Page-113), Information Coding Theory (Page-201), Traffic and Queuing Theory (Page-289), Reliability Theory (Page-363)Simulation (Page-399). |
| 650 #0 - SUBJECT ADDED ENTRY--TOPICAL TERM | |
| Topical term or geographic name entry element | Telecommunication engineering |
| 700 1# - ADDED ENTRY--PERSONAL NAME | |
| Personal name | Houterne, Guard. |
| 9 (RLIN) | 97501 |
| 856 41 - ELECTRONIC LOCATION AND ACCESS | |
| Materials specified | Table of contents only |
| Uniform Resource Identifier | <a href="http://www.loc.gov/catdir/toc/ecip0823/2008030348.html">http://www.loc.gov/catdir/toc/ecip0823/2008030348.html</a> |
| 942 ## - ADDED ENTRY ELEMENTS (KOHA) | |
| Koha item type | Reference |
| Source of classification or shelving scheme | |
| Withdrawn status | Lost status | Source of classification or shelving scheme | Damaged status | Not for loan | Permanent Location | Current Location | Shelving location | Date acquired | Full call number | Barcode | Date last seen | Price effective from | Koha item type | Public note |
|---|---|---|---|---|---|---|---|---|---|---|---|---|---|---|
| Military College of Signals (MCS) | Military College of Signals (MCS) | Reference | 12/12/2016 | 621.3820151,FIC | MCS34700 | 12/08/2016 | 12/12/2016 | Reference | Almirah No.22, Shelf No.2 |
